[Event "Borisoglebsk Bocharov Memorial"]
[Site "Borisoglebsk"]
[Date "2015.03.22"]
[Round "8"]
[White "Sukhinin, Vladislav"]
[Black "Meshcheryakov, Alexey"]
[Result "0-1"]
[WhiteElo "1801"]
[BlackElo "1774"]
[PlyCount "62"]
[EventDate "2015.03.19"]
[EventType "swiss"]
[EventRounds "9"]
[EventCountry "RUS"]
[SourceTitle "CBM 165 Extra"]
[Source "ChessBase"]
[SourceDate "2015.04.21"]
[SourceVersion "1"]
[SourceVersionDate "2015.04.21"]
[SourceQuality "1"]

1. b3 e5 2. Bb2 Nc6 3. e3 Nf6 4. h4 a6 5. h5 h6 6. Ne2 d5 7. Ng3 Bd6 8. c4 d4 9. e4 Be6 10. Be2 Qd7 11. f3 Nb4 12. d3 Nh7 13. Nd2 a5 14. a3 Nc6 15. Qc2 Qe7 16. Kf2 Qg5 17. Ndf1 0-0 18. Bc1 Qf6 19. Bd2 Qe7 20. Qc1 f5 21. exf5 Bxf5 22. Nxf5 Rxf5 23. Ng3 Rff8 24. Ne4 Nf6 25. Nxd6 Qxd6 26. Rh3 Rae8 27. Bxh6 gxh6 28. Qxh6 Kf7 29. f4 Ke7 30. fxe5 Nxe5 31. Qf4 Nfg4+ 0-1

[Event "Borisoglebsk Bocharov Memorial"]
[Site "Borisoglebsk"]
[Date "2015.03.19"]
[Round "1"]
[White "Boev, Stanislav"]
[Black "Meshcheryakov, Alexey"]
[Result "1/2-1/2"]
[WhiteElo "1983"]
[BlackElo "1774"]
[PlyCount "54"]
[EventDate "2015.03.19"]
[EventType "swiss"]
[EventRounds "9"]
[EventCountry "RUS"]
[SourceTitle "CBM 165 Extra"]
[Source "ChessBase"]
[SourceDate "2015.04.21"]
[SourceVersion "1"]
[SourceVersionDate "2015.04.21"]
[SourceQuality "1"]

1. e4 e5 2. Nf3 Nc6 3. d4 exd4 4. Nxd4 d6 5. Bc4 Nxd4 6. Qxd4 Qf6 7. Qd3 Ne7 8. 0-0 Be6 9. Nc3 Bxc4 10. Qxc4 c6 11. Be3 b5 12. Qd3 Ng6 13. f4 Be7 14. e5 dxe5 15. Ne4 Qh4 16. g3 Qg4 17. f5 Rd8 18. Nf2 Qf3 19. Qc3 Qxf5 20. Bxa7 Qd7 21. Bb6 Rc8 22. Rad1 Qe6 23. Ne4 0-0 24. a3 f5 25. Nc5 Bxc5+ 26. Bxc5 Rfd8 27. b3 Rd5 1/2-1/2

[Event "Borisoglebsk Bocharov Memorial"]
[Site "Borisoglebsk"]
[Date "2015.03.19"]
[Round "2"]
[White "Meshcheryakov, Alexey"]
[Black "Plotnikov, Vladimir Anatolievi"]
[Result "1/2-1/2"]
[WhiteElo "1774"]
[BlackElo "1953"]
[PlyCount "52"]
[EventDate "2015.03.19"]
[EventType "swiss"]
[EventRounds "9"]
[EventCountry "RUS"]
[SourceTitle "CBM 165 Extra"]
[Source "ChessBase"]
[SourceDate "2015.04.21"]
[SourceVersion "1"]
[SourceVersionDate "2015.04.21"]
[SourceQuality "1"]

1. e4 e5 2. Nf3 Nc6 3. Bc4 Nf6 4. Nc3 Nxe4 5. Bxf7+ Kxf7 6. Nxe4 d5 7. Ng3 e4 8. Ng1 Bd6 9. Qh5+ g6 10. Qxd5+ Be6 11. Qxe4 Re8 12. N1e2 Bxg3 13. hxg3 Bf5 14. Qc4+ Kg7 15. Kf1 Rxe2 16. Kxe2 Nd4+ 17. Kf1 Nxc2 18. Qc3+ Kg8 19. Qb3+ Kf8 20. Rxh7 Qd3+ 21. Qxd3 Bxd3+ 22. Kg1 Re8 23. Rh8+ Kf7 24. Rxe8 Kxe8 25. Rb1 Nd4 26. Ra1 Nc2 1/2-1/2

[Event "Balashov-ch"]
[Site "Balashov"]
[Date "2014.12.21"]
[Round "8"]
[White "Bryakin, Mikhail"]
[Black "Meshcheryakov, Alexey"]
[Result "1-0"]
[WhiteElo "2261"]
[BlackElo "1788"]
[PlyCount "89"]
[EventDate "2014.12.15"]
[EventType "swiss"]
[EventRounds "9"]
[EventCountry "RUS"]
[SourceTitle "CBM 164 Extra"]
[Source "ChessBase"]
[SourceDate "2015.03.02"]
[SourceVersion "1"]
[SourceVersionDate "2015.03.02"]
[SourceQuality "1"]

1. d4 d5 2. c4 c6 3. Nf3 Nf6 4. Nc3 e6 5. Bg5 Be7 6. e3 0-0 7. Qc2 h6 8. Bh4 Nbd7 9. a3 c5 10. cxd5 cxd4 11. Nxd4 Nxd5 12. Bxe7 Qxe7 13. Nxd5 exd5 14. Bd3 Nf6 15. Rc1 Bg4 16. 0-0 Rac8 17. Qa4 a6 18. h3 Rxc1 19. Rxc1 Rc8 20. Rxc8+ Bxc8 21. Qc2 Qd8 22. b4 Bd7 23. Qc5 Qc8 24. Nb3 Qxc5 25. Nxc5 Bc8 26. Kf1 Kf8 27. Ke2 Ke7 28. Kd2 Kd6 29. Nb3 g6 30. Kc3 Ne4+ 31. Bxe4 dxe4 32. Kd4 f5 33. Na5 b5 34. Nb3 Be6 35. Nc5 Bc8 36. h4 g5 37. hxg5 hxg5 38. g4 Kc6 39. gxf5 Bxf5 40. Nxe4 g4 41. Nc5 Kb6 42. Ke5 Bc8 43. Kd6 a5 44. e4 axb4 45. axb4 1-0

[Event "Balashov-ch"]
[Site "Balashov"]
[Date "2014.12.21"]
[Round "9"]
[White "Meshcheryakov, Alexey"]
[Black "Marchukov, Dmitry"]
[Result "0-1"]
[WhiteElo "1788"]
[BlackElo "2112"]
[PlyCount "44"]
[EventDate "2014.12.15"]
[EventType "swiss"]
[EventRounds "9"]
[EventCountry "RUS"]
[SourceTitle "CBM 164 Extra"]
[Source "ChessBase"]
[SourceDate "2015.03.02"]
[SourceVersion "1"]
[SourceVersionDate "2015.03.02"]
[SourceQuality "1"]

1. d4 Nf6 2. c4 g6 3. b3 Bg7 4. Bb2 d5 5. Nf3 0-0 6. e3 b6 7. Bd3 Bb7 8. 0-0 Nbd7 9. Nc3 c5 10. dxc5 Nxc5 11. b4 Nxd3 12. Qxd3 dxc4 13. Qxd8 Rfxd8 14. Rfd1 Ne4 15. Rdc1 Rd3 16. Ne1 Rxc3 17. Bxc3 Bxc3 18. Rab1 Nd2 19. Rxc3 Nxb1 20. Rxc4 Rd8 21. f3 Rd7 22. e4 Na3 0-1

[Event "Balashov-ch"]
[Site "Balashov"]
[Date "2014.12.18"]
[Round "4"]
[White "Kochukova, Anna"]
[Black "Meshcheryakov, Alexey"]
[Result "1-0"]
[WhiteElo "1970"]
[BlackElo "1788"]
[PlyCount "55"]
[EventDate "2014.12.15"]
[EventType "swiss"]
[EventRounds "9"]
[EventCountry "RUS"]
[SourceTitle "CBM 164 Extra"]
[Source "ChessBase"]
[SourceDate "2015.03.02"]
[SourceVersion "1"]
[SourceVersionDate "2015.03.02"]
[SourceQuality "1"]

1. e4 c5 2. c3 Nc6 3. Nf3 d6 4. d4 cxd4 5. cxd4 Nf6 6. Nc3 g6 7. d5 Nb8 8. Be3 Bg7 9. Bd4 0-0 10. Bd3 Nbd7 11. 0-0 a6 12. a4 Rb8 13. a5 b5 14. b4 Bb7 15. h3 Re8 16. Qd2 Rc8 17. Rfe1 h6 18. Rac1 Nb8 19. Bb6 Qd7 20. Nd4 e6 21. dxe6 fxe6 22. Ncxb5 axb5 23. Bxb5 Rxc1 24. Rxc1 Qe7 25. Bxe8 Qxe8 26. f3 e5 27. Ne2 Na6 28. Qxd6 1-0

[Event "Borisoglebsk Autumn op"]
[Site "Borisoglebsk"]
[Date "2013.09.07"]
[Round "4"]
[White "Meshcheryakov, Alexey"]
[Black "Pchelintsev, Anton"]
[Result "1-0"]
[WhiteElo "1841"]
[BlackElo "1726"]
[PlyCount "63"]
[EventDate "2013.09.06"]
[EventType "swiss"]
[EventRounds "7"]
[EventCountry "RUS"]
[SourceTitle "CBM 156 Extra"]
[Source "ChessBase"]
[SourceDate "2013.10.22"]
[SourceVersion "1"]
[SourceVersionDate "2013.10.22"]
[SourceQuality "1"]

1. e4 c6 2. d4 d5 3. e5 Bf5 4. Bd3 Bg6 5. h4 Nd7 6. h5 Bxd3 7. Qxd3 e6 8. Qg3 Qc7 9. Nc3 0-0-0 10. Bd2 Ne7 11. Nge2 Nf5 12. Qh3 a6 13. 0-0 c5 14. Nxd5 exd5 15. Qxf5 g6 16. Qxf7 cxd4 17. e6 Nc5 18. Qxc7+ Kxc7 19. Nxd4 gxh5 20. b4 Ne4 21. Bf4+ Bd6 22. Bxd6+ Kxd6 23. f3 Ng5 24. Rfe1 Rdg8 25. Kh2 h4 26. Nf5+ Kc7 27. Nxh4 Re8 28. e7 Kd7 29. Rad1 h6 30. Rxd5+ Kc6 31. Rc5+ Kb6 32. Nf5 1-0

[Event "Borisoglebsk Autumn op"]
[Site "Borisoglebsk"]
[Date "2013.09.06"]
[Round "2"]
[White "Meshcheryakov, Alexey"]
[Black "Bakhteev, Bakhtiyar"]
[Result "0-1"]
[WhiteElo "1841"]
[BlackElo "1701"]
[PlyCount "112"]
[EventDate "2013.09.06"]
[EventType "swiss"]
[EventRounds "7"]
[EventCountry "RUS"]
[SourceTitle "CBM 156 Extra"]
[Source "ChessBase"]
[SourceDate "2013.10.22"]
[SourceVersion "1"]
[SourceVersionDate "2013.10.22"]
[SourceQuality "1"]

1. c4 c6 2. e3 Nf6 3. Nc3 d5 4. d4 e6 5. Qc2 Bb4 6. Bd2 Nbd7 7. c5 b6 8. cxb6 axb6 9. Bd3 Ba6 10. Nf3 Bxd3 11. Qxd3 c5 12. 0-0 cxd4 13. exd4 0-0 14. a3 Bd6 15. Nb5 Be7 16. Rfc1 Rc8 17. Rxc8 Qxc8 18. Rc1 Qa6 19. Qb3 Rc8 20. Rxc8+ Qxc8 21. h3 Ne4 22. Bf4 Qc6 23. g3 Bf6 24. Kg2 Be7 25. Na7 Qc7 26. Qa4 g5 27. Be3 h6 28. Nc6 Bf6 29. Qb5 Nd6 30. Qa4 Nc4 31. Qb5 Nxb2 32. Nce5 Bxe5 33. dxe5 Nc4 34. Bc1 Ncxe5 35. Nxe5 Nxe5 36. f3 Qc6 37. Qxc6 Nxc6 38. a4 Na5 39. Kf2 Kf8 40. Ba3+ Ke8 41. Ke2 f5 42. f4 gxf4 43. gxf4 Nc4 44. Bb4 Nb2 45. a5 bxa5 46. Bxa5 Nc4 47. Bc3 Nd6 48. Bg7 h5 49. Ke3 Kf7 50. Bd4 Ne4 51. Be5 Ke7 52. Bd4 Kd6 53. Ba7 Kc6 54. Kd3 Kd6 55. Kd4 Nc5 56. Ke3 Nd7 0-1

[Event "Borisoglebsk Summer op"]
[Site "Borisoglebsk"]
[Date "2013.07.01"]
[Round "7"]
[White "Marchukov, Dmitry"]
[Black "Meshcheryakov, Alexey"]
[Result "1-0"]
[WhiteElo "2113"]
[BlackElo "1783"]
[PlyCount "142"]
[EventDate "2013.06.28"]
[EventType "swiss"]
[EventRounds "7"]
[EventCountry "RUS"]
[SourceTitle "EXT 2014"]
[Source "ChessBase"]
[SourceDate "2013.11.20"]
[SourceVersion "1"]
[SourceVersionDate "2013.11.20"]
[SourceQuality "1"]

1. d4 d5 2. Nf3 Nf6 3. Bf4 Nc6 4. e3 g6 5. c3 Bg7 6. Bd3 Bd7 7. Nbd2 Qc8 8. Qc2 Bf5 9. Bxf5 gxf5 10. Ne5 Qe6 11. Nxc6 Qxc6 12. Qxf5 Ne4 13. Nxe4 dxe4 14. 0-0-0 e6 15. Qg5 Kf8 16. Be5 Rg8 17. Qf4 Rc8 18. g4 a5 19. g5 a4 20. a3 Qc4 21. Qxe4 Bxe5 22. Qxe5 b5 23. Kb1 Rd8 24. e4 c6 25. f4 Rg7 26. h4 Rg8 27. f5 exf5 28. Qxf5 Rg7 29. Rhf1 Kg8 30. Qf6 Re8 31. e5 Rg6 32. Qf5 c5 33. d5 Rg7 34. e6 fxe6 35. dxe6 b4 36. axb4 cxb4 37. Rd4 Qe2 38. Rxb4 a3 39. bxa3 Rc7 40. Qf7+ Rxf7 41. exf7+ Kf8 42. fxe8Q+ Kxe8 43. Rf6 Qd1+ 44. Kb2 Qd2+ 45. Kb3 Qd5+ 46. Ka4 Qa8+ 47. Kb5 Qxa3 48. c4 Qd3 49. Rb6 Qd7+ 50. Ka6 Qd3 51. Kb5 Qd7+ 52. Rc6 Qb7+ 53. Kc5 Qe7+ 54. Kb5 Qb7+ 55. Rb6 Qd7+ 56. Ka6 Qc8+ 57. Ka7 Kf7 58. h5 Ke7 59. g6 hxg6 60. hxg6 Kd7 61. g7 Ke7 62. Rb7+ Kf6 63. R4b6+ Kg5 64. c5 Kf5 65. c6 Kf6 66. Rb2 Qg4 67. c7 Qc8 68. Rg2 Qg8 69. Rb6+ Ke7 70. c8Q Qxc8 71. g8Q Qc7+ 1-0

[Event "Borisoglebsk Summer op"]
[Site "Borisoglebsk"]
[Date "2013.06.28"]
[Round "2"]
[White "Pavlovsky, Victor"]
[Black "Meshcheryakov, Alexey"]
[Result "0-1"]
[WhiteElo "1795"]
[BlackElo "1783"]
[PlyCount "64"]
[EventDate "2013.06.28"]
[EventType "swiss"]
[EventRounds "7"]
[EventCountry "RUS"]
[SourceTitle "EXT 2014"]
[Source "ChessBase"]
[SourceDate "2013.11.20"]
[SourceVersion "1"]
[SourceVersionDate "2013.11.20"]
[SourceQuality "1"]

1. e4 e5 2. Nc3 Nf6 3. Bc4 Be7 4. d3 h6 5. Nf3 d6 6. h3 c6 7. a3 Nbd7 8. Be3 Qa5 9. b4 Qd8 10. 0-0 0-0 11. Ne2 d5 12. exd5 cxd5 13. Bb3 Qc7 14. Ng3 Re8 15. Nf5 Bf8 16. Qc1 Kh7 17. c4 Nb6 18. Bxb6 axb6 19. Ne3 d4 20. Nd5 Nxd5 21. cxd5 Qd6 22. Re1 Bd7 23. Nd2 Qg6 24. Kh1 Rac8 25. Qb1 f5 26. Nc4 e4 27. Bc2 Bb5 28. Nd2 exd3 29. Bxd3 Rxe1+ 30. Qxe1 Bxd3 31. Qe6 Rc2 32. Nf3 Be4 0-1

[Event "Borisoglebsk-ch"]
[Site "Borisoglebsk"]
[Date "2012.06.25"]
[Round "6"]
[White "Meshcheryakov, Alexey"]
[Black "Surov, Sergey"]
[Result "0-1"]
[WhiteElo "1710"]
[BlackElo "2279"]
[PlyCount "61"]
[EventDate "2012.06.22"]
[EventType "swiss"]
[EventRounds "7"]
[EventCountry "RUS"]
[SourceTitle "EXT 2013"]
[Source "ChessBase"]
[SourceDate "2012.11.22"]
[SourceVersion "1"]
[SourceVersionDate "2012.11.22"]
[SourceQuality "1"]

1. e4 d5 2. exd5 Nf6 3. Nc3 Nxd5 4. Nxd5 Qxd5 5. Qf3 e6 6. Nh3 Qxf3 7. gxf3 Nc6 8. c3 e5 9. Ng5 h6 10. Ne4 Be6 11. h4 0-0-0 12. d3 g6 13. Be3 b6 14. h5 g5 15. Nf6 Bg7 16. Ng4 f5 17. Nh2 Bf7 18. Bh3 Ne7 19. Rg1 Rxd3 20. Rg3 Be6 21. Ke2 Rd6 22. Rd1 Rhd8 23. Rxd6 Rxd6 24. Rg1 Kd7 25. Rd1 Bf6 26. Rxd6+ cxd6 27. Bd2 f4 28. Bxe6+ Kxe6 29. Nf1 Nf5 30. Nh2 Ng7 31. c4 0-1

[Event "Borisoglebsk-ch"]
[Site "Borisoglebsk"]
[Date "2012.06.24"]
[Round "4"]
[White "Meshcheryakov, Alexey"]
[Black "Sukhinin, Vladislav"]
[Result "1-0"]
[WhiteElo "1710"]
[BlackElo "1812"]
[PlyCount "91"]
[EventDate "2012.06.22"]
[EventType "swiss"]
[EventRounds "7"]
[EventCountry "RUS"]
[SourceTitle "EXT 2013"]
[Source "ChessBase"]
[SourceDate "2012.11.22"]
[SourceVersion "1"]
[SourceVersionDate "2012.11.22"]
[SourceQuality "1"]

1. e4 b6 2. Nc3 Bb7 3. d4 e6 4. Nf3 Bb4 5. Bd3 Nf6 6. Qe2 h6 7. a3 Bxc3+ 8. bxc3 Qe7 9. Bb2 c5 10. 0-0 c4 11. Bxc4 Bxe4 12. Ne5 Nc6 13. Bb5 Rc8 14. a4 Bh7 15. Nc4 Nd5 16. Qd2 Na5 17. Ne5 Rd8 18. c4 Nc7 19. Ba3 Qg5 20. f4 Qf5 21. Qb4 Qf6 22. Kh1 Nxb5 23. Ng4 Qh4 24. axb5 d6 25. Ne3 0-0 26. c5 dxc5 27. dxc5 Rfe8 28. c6 Rc8 29. Rad1 Red8 30. Rxd8+ Qxd8 31. Rd1 Qf6 32. Qd4 Qxd4 33. Rxd4 Bg6 34. Rd7 a6 35. c7 Kh7 36. bxa6 Nc6 37. Nc4 Na7 38. Nxb6 Rg8 39. Rd8 Bxc2 40. Rxg8 Kxg8 41. c8Q+ Nxc8 42. Nxc8 Be4 43. a7 g5 44. fxg5 hxg5 45. Nb6 f5 46. a8Q+ 1-0

[Event "Borisoglebsk-ch"]
[Site "Borisoglebsk"]
[Date "2012.06.23"]
[Round "3"]
[White "Lenshin, Sergey"]
[Black "Meshcheryakov, Alexey"]
[Result "1-0"]
[WhiteElo "1807"]
[BlackElo "1710"]
[PlyCount "65"]
[EventDate "2012.06.22"]
[EventType "swiss"]
[EventRounds "7"]
[EventCountry "RUS"]
[SourceTitle "EXT 2013"]
[Source "ChessBase"]
[SourceDate "2012.11.22"]
[SourceVersion "1"]
[SourceVersionDate "2012.11.22"]
[SourceQuality "1"]

1. e4 e5 2. Nc3 Nf6 3. Bc4 c6 4. Nf3 d5 5. exd5 cxd5 6. Bb5+ Bd7 7. Nxe5 d4 8. Nxd7 Nbxd7 9. Ne2 Qb6 10. Ba4 Bc5 11. d3 Qb4+ 12. c3 dxc3 13. bxc3 Qh4 14. d4 Bd6 15. g3 Qh5 16. Nf4 Qxd1+ 17. Bxd1 0-0 18. 0-0 Rac8 19. Ne2 h6 20. Bb2 Rfe8 21. Re1 Ne4 22. Ba4 Re7 23. Rad1 Nb6 24. Bb3 a5 25. f3 a4 26. fxe4 axb3 27. e5 Nc4 28. exd6 Nxb2 29. dxe7 Nxd1 30. Rxd1 bxa2 31. d5 f6 32. d6 Ra8 33. d7 1-0

[Event "Borisoglebsk-ch"]
[Site "Borisoglebsk"]
[Date "2012.06.22"]
[Round "1"]
[White "Serdjukov, Sergey"]
[Black "Meshcheryakov, Alexey"]
[Result "1/2-1/2"]
[WhiteElo "2076"]
[BlackElo "1710"]
[PlyCount "65"]
[EventDate "2012.06.22"]
[EventType "swiss"]
[EventRounds "7"]
[EventCountry "RUS"]
[SourceTitle "EXT 2013"]
[Source "ChessBase"]
[SourceDate "2012.11.22"]
[SourceVersion "1"]
[SourceVersionDate "2012.11.22"]
[SourceQuality "1"]

1. d4 d5 2. c4 c6 3. Nc3 Nf6 4. Nf3 g6 5. Qb3 Bg7 6. Bg5 Ne4 7. Bf4 0-0 8. e3 Qa5 9. Be2 Nd7 10. 0-0 Nxc3 11. bxc3 Nf6 12. Nd2 Nh5 13. Bg5 dxc4 14. Nxc4 Qxg5 15. f4 Qd5 16. Qb4 Re8 17. Qa3 Qd8 18. e4 Nf6 19. Bd3 a5 20. f5 b5 21. Ne5 Qd6 22. Qb3 Rf8 23. g4 a4 24. Qc2 Nd7 25. Nf3 Qf4 26. g5 Ba6 27. Qe2 h5 28. Kh1 Qc7 29. Nh4 c5 30. fxg6 fxg6 31. Nxg6 Rxf1+ 32. Rxf1 Re8 33. Qf3 1/2-1/2

[Event "Borisoglebsk Bocharov Memorial"]
[Site "Borisoglebsk"]
[Date "2012.03.31"]
[Round "6"]
[White "Sukhinin, Vladislav"]
[Black "Meshcheryakov, Alexey"]
[Result "1-0"]
[WhiteElo "1846"]
[BlackElo "1718"]
[PlyCount "30"]
[EventDate "2012.03.29"]
[EventType "swiss"]
[EventRounds "9"]
[EventCountry "RUS"]
[SourceTitle "EXT 2013"]
[Source "ChessBase"]
[SourceDate "2012.11.22"]
[SourceVersion "1"]
[SourceVersionDate "2012.11.22"]
[SourceQuality "1"]

1. f4 d6 2. Nf3 g6 3. Nc3 Bg7 4. d4 Nc6 5. e4 Bg4 6. Bb5 a6 7. Bxc6+ bxc6 8. h3 Bxf3 9. gxf3 c5 10. dxc5 Bxc3+ 11. bxc3 dxc5 12. Qxd8+ Rxd8 13. Be3 c4 14. Bd4 f6 15. Rb1 Nh6 1-0

[Event "Borisoglebsk Bocharov Memorial"]
[Site "Borisoglebsk"]
[Date "2012.03.29"]
[Round "2"]
[White "Meshcheryakov, Alexey"]
[Black "Orekhov, Boris"]
[Result "1-0"]
[WhiteElo "1718"]
[BlackElo "1918"]
[PlyCount "40"]
[EventDate "2012.03.29"]
[EventType "swiss"]
[EventRounds "9"]
[EventCountry "RUS"]
[SourceTitle "EXT 2013"]
[Source "ChessBase"]
[SourceDate "2012.11.22"]
[SourceVersion "1"]
[SourceVersionDate "2012.11.22"]
[SourceQuality "1"]

1. e4 Nf6 2. Nc3 d6 3. d4 g6 4. Nf3 Bg7 5. Be2 0-0 6. 0-0 e5 7. dxe5 dxe5 8. Qxd8 Rxd8 9. Bg5 Re8 10. Bxf6 Bxf6 11. Nb5 Na6 12. a3 Bd7 13. Nc3 Nc5 14. b4 Ne6 15. Nd5 Bg7 16. Rfd1 Bc6 17. c4 Nf4 18. Bf1 Nxd5 19. cxd5 Ba4 20. Rac1 c6 1-0